<?xml version="1.0" encoding="UTF-8"?><?xml-stylesheet type="text/xsl" href="static/style.xsl"?><OAI-PMH xmlns="http://www.openarchives.org/OAI/2.0/" xmlns:xsi="http://www.w3.org/2001/XMLSchema-instance" xsi:schemaLocation="http://www.openarchives.org/OAI/2.0/ http://www.openarchives.org/OAI/2.0/OAI-PMH.xsd"><responseDate>2026-04-17T18:41:46Z</responseDate><request verb="GetRecord" identifier="oai:www.recercat.cat:2445/207811" metadataPrefix="marc">https://recercat.cat/oai/request</request><GetRecord><record><header><identifier>oai:recercat.cat:2445/207811</identifier><datestamp>2025-12-04T21:01:09Z</datestamp><setSpec>com_2072_1057</setSpec><setSpec>col_2072_478796</setSpec><setSpec>col_2072_478917</setSpec></header><metadata><record xmlns="http://www.loc.gov/MARC21/slim" xmlns:dcterms="http://purl.org/dc/terms/" xmlns:xsi="http://www.w3.org/2001/XMLSchema-instance" xmlns:doc="http://www.lyncode.com/xoai" xsi:schemaLocation="http://www.loc.gov/MARC21/slim http://www.loc.gov/standards/marcxml/schema/MARC21slim.xsd">
   <leader>00925njm 22002777a 4500</leader>
   <datafield ind2=" " ind1=" " tag="042">
      <subfield code="a">dc</subfield>
   </datafield>
   <datafield ind2=" " ind1=" " tag="720">
      <subfield code="a">Oriol, Roger</subfield>
      <subfield code="e">author</subfield>
   </datafield>
   <datafield ind2=" " ind1=" " tag="720">
      <subfield code="a">Nava, José L.</subfield>
      <subfield code="e">author</subfield>
   </datafield>
   <datafield ind2=" " ind1=" " tag="720">
      <subfield code="a">Brillas, Enric</subfield>
      <subfield code="e">author</subfield>
   </datafield>
   <datafield ind2=" " ind1=" " tag="720">
      <subfield code="a">Cornejo, Oscar M.</subfield>
      <subfield code="e">author</subfield>
   </datafield>
   <datafield ind2=" " ind1=" " tag="720">
      <subfield code="a">Sirés Sadornil, Ignacio</subfield>
      <subfield code="e">author</subfield>
   </datafield>
   <datafield ind2=" " ind1=" " tag="260">
      <subfield code="c">2024-02-20T16:13:53Z</subfield>
   </datafield>
   <datafield ind2=" " ind1=" " tag="260">
      <subfield code="c">2024-02-20T16:13:53Z</subfield>
   </datafield>
   <datafield ind2=" " ind1=" " tag="260">
      <subfield code="c">2024-02-14</subfield>
   </datafield>
   <datafield ind2=" " ind1=" " tag="260">
      <subfield code="c">2024-02-20T16:13:53Z</subfield>
   </datafield>
   <datafield ind2=" " ind1=" " tag="520">
      <subfield code="a">Here, computational fluid dynamics (CFD) simulations have been employed to investigate the transport phenomena occurring in an electrochemical reactor, equipped with an AISI 1018 carbon steel rotating cylinder electrode (RCE), during nitrate electroreduction. A model that resulted from solving the fundamental transport equations that govern the hydrodynamics, mass transport, and current distribution is proposed to assess the behavior of the RCE reactor when addressing the nitrate removal. The results obtained from the simulations offered a wider understanding of the selected electroreduction process. It was determined that the six surrounding Ti|IrO2-based anodes acted as deflectors that promoted the presence of two Taylor vortices, giving rise to three distinct velocity zones inside the reactor. This fact had an impact on mass transport, since the appearance of low-concentration zones was associated with a greater velocity. Furthermore, a slight current distribution (0.990 &lt; jc/jc,AVE &lt; 1.005) was observed along the RCE length due to the two Taylor vortices. The model was validated by performing a series of nitrate electroreduction experiments in an RCE reactor filled with solutions of 400 mL, corroborating that it is sufficiently robust to predict the nitrate concentration decay. At 1000 rpm, operating at 447 A m−2 to ensure mass transport control conditions, 90 % nitrate removal from a 10 mM KNO3 + 500 mM K2SO4 solution was achieved in only 10 min, with a low electrochemical energy consumption of 14.3 Wh g−1.</subfield>
   </datafield>
   <datafield tag="653" ind2=" " ind1=" ">
      <subfield code="a">Electroquímica</subfield>
   </datafield>
   <datafield tag="653" ind2=" " ind1=" ">
      <subfield code="a">Amoníac</subfield>
   </datafield>
   <datafield tag="653" ind2=" " ind1=" ">
      <subfield code="a">Dinàmica de fluids</subfield>
   </datafield>
   <datafield tag="653" ind2=" " ind1=" ">
      <subfield code="a">Electrochemistry</subfield>
   </datafield>
   <datafield tag="653" ind2=" " ind1=" ">
      <subfield code="a">Ammonia</subfield>
   </datafield>
   <datafield tag="653" ind2=" " ind1=" ">
      <subfield code="a">Fluid dynamics</subfield>
   </datafield>
   <datafield ind2="0" ind1="0" tag="245">
      <subfield code="a">Modeling the electrocatalytic nitrate removal in a rotating cylinder electrode reactor</subfield>
   </datafield>
</record></metadata></record></GetRecord></OAI-PMH>